Star Wars

সংরক্ষণ করুন:
গ্রন্থ-পঞ্জীর বিবরন
প্রধান লেখক: Thompson, E. P.
বিন্যাস: গ্রন্থ
ভাষা:Undetermined
প্রকাশিত: Harmondsworth Penguin Books 1985
বিষয়গুলি:
ট্যাগগুলো: ট্যাগ যুক্ত করুন
কোনো ট্যাগ নেই, প্রথমজন হিসাবে ট্যাগ করুন!
Thư viện lưu trữ: Trung tâm Học liệu Trường Đại học Cần Thơ
LEADER 00600nam a2200193Ia 4500
001 CTU_86684
008 210402s9999 xx 000 0 und d
082 |a 341.7 
082 |b T468 
100 |a Thompson, E. P. 
245 0 |a Star Wars 
245 0 |c Rip Bulkeley, John Pike, Ben Thompson, E.P. Thompson (editor) 
260 |a Harmondsworth 
260 |b Penguin Books 
260 |c 1985 
650 |a Ballistic missile defenses,Disarmament,Nuclear arms control,Strategic defense initiative 
650 |z Soviet union 
904 |i Năm 
980 |a Trung tâm Học liệu Trường Đại học Cần Thơ